000 02405nam0a2200385 4500
001 RU\NLR\bibl\607991
005 20250610143533.0
010 _a5-7487-0599-0
_9400
021 _aRU
_b2004-66688
_93288
035 _a(NLR Aleph) 000599907
090 _a1765783
_c1765783
100 _a20050209d2004 |||y0rusy50 ca
101 0 _arus
102 _aRU
105 _aa |||||||||
200 1 _aВоенная токсикология и медицинская защита войск и населения от радиационных и химических поражений
_eУчеб. пособие для студентов мед. вузов
_fВ.Н. Поздеев, С.А. Лосенок
_gГос. образоват. учреждение высш. проф. образования "Кур. гос. мед. ун-т М-ва здравоохранения РФ". Каф. воен. и экстрем. медицины
210 _aКурск
_cИзд-во КГМУ
_d2004
215 _a228 с.
_cил.
_d21
300 _aНа обороте тит.л. авт.: доц., к.м.н., полк. м/с В.Н. Поздеев, к.м.н., подполк. м/с С.А. Лосенок
320 _aБиблиогр.: с. 225-226 (38 назв.)
606 0 _aВоенная токсикология
_jРуководства, пособия и т.п. для высшей школы
_91298524
_3RU\NLR\auth\66220111
606 0 _aВоенная токсикология
_jУчебные издания для высших учебных заведений
_91298524
_3RU\NLR\auth\66220111
606 0 _aГражданская оборона
_jРуководства, пособия и т.п. для высшей школы
_xМедицинская служба
_yРоссийская Федерация
_92096162
_3RU\NLR\auth\661268251
606 0 _aГражданская оборона
_jУчебные издания для высших учебных заведений
_xМедицинская служба
_yРоссийская Федерация
_92368090
_3RU\NLR\auth\661413623
686 _aЦ7,6(2Р)6я73-1
686 _aЦ69,6(2Р)6я73-1
686 _aР419.48я73
686 _aР126.03я73
700 1 _aПоздеев
_bВ. Н.
_4070
701 1 _aЛосенок
_bС. А.
_4070
801 0 _aRU
_bNLR
_c20050209
_grcr
801 1 _aRU
_bNLR
_c20050209
942 _cBOOK
980 _aNB